书目信息 |
| 题名: |
新时代 大视野
|
|
| 作者: | 李国强 主编 | |
| 分册: | 微课版 | |
| 出版信息: | 北京 航空工业出版社 2022.07 |
|
| 页数: | 300页 | |
| 开本: | 20cm | |
| 丛书名: | ||
| 单 册: | ||
| 中图分类: | E0-43 | |
| 科图分类: | ||
| 主题词: | 军事理论 | |
| 电子资源: | ||
| ISBN: | 978-7-5165-1915-8 | |
| 000 | 00826nam0 2200241 45 | |
| 001 | 2431070406 | |
| 005 | 20240918084055.69 | |
| 010 | @a978-7-5165-1915-8@dCNY 42.00 | |
| 100 | @a20201103d2022 km y0chiy0120 ea | |
| 101 | 0 | @achi |
| 102 | @aCN@b110000 | |
| 200 | 1 | @a新时代 大视野@AXin Shi Dai Da Shi Ye@e大学军事教程@i微课版@f李国强主编@Fli guo qiang zhu bian |
| 210 | @a北京@c航空工业出版社@d2022.07 | |
| 215 | @a300页@d20cm | |
| 300 | @a按照2019《普通高等学校军事课教学大纲》编写 高等院校通识课教育精品教材 “互联网 + ” 新形态一体化精品教材 | |
| 503 | @n河南城建学院图书馆 | |
| 517 | 1 | @a大学军事教程@ADa Xue Jun Shi Jiao Cheng |
| 517 | 1 | @a微课版@AWei Ke Ban |
| 606 | 0 | @a军事理论 |
| 690 | @aE0-43@v4 | |
| 701 | 0 | @a李国强@Ali guo qiang@4主编 |
| 801 | 0 | @aCN@b河南城建学院图书馆@c20201103 |
| 905 | @dE0-43@eL1651 | |
| 新时代 大视野:大学军事教程.微课版/李国强主编.-北京:航空工业出版社,2022.07 |
| 300页;20cm |
| 按照2019《普通高等学校军事课教学大纲》编写 高等院校通识课教育精品教材 “互联网 + ” 新形态一体化精品教材 |
| ISBN 978-7-5165-1915-8:CNY 42.00 |
| ● |
| 相关链接 |
|
|
|
正题名:新时代 大视野
索取号:E0-43/L1651
 
预约/预借
| 序号 | 登录号 | 条形码 | 馆藏地/架位号 | 状态 | 备注 |
| 1 | 1553006 | 215530067 | 社科库509/509社科库 113排1列2层/ [索取号:E0-43/L1651] | 在馆 |